History Quiz

Random History or Mythology Quiz

Can you name the Seven Roman Kings? Quiz Stats

Quiz not verified by Sporcle

Challenge
Share
Tweet
Embed
Score 0/7 Timer 07:00
0 Plays Today
Number Name % Correct
1Romulus
94.4%
2Numa Pompilus
72.2%
7Tarquinus Superbus
58.3%
5Tarquinus Priscus
55.6%
3Tullus Hostilus
47.2%
4Ancus Martius
47.2%
6Servius Tullius
47.2%

You're not logged in!

Compare scores with friends on all Sporcle quizzes.
Sign Up with Email
OR
Log In

You Might Also Like...

Show Comments

Extras

Top Quizzes Today


Score Distribution

Your Account Isn't Verified!

In order to create a playlist on Sporcle, you need to verify the email address you used during registration. Go to your Sporcle Settings to finish the process.